Gestión de la reforma de las políticas de salud: entre la sostenibilidad y el estancamiento /

Сохранить в:
Библиографические подробности
Главный автор: Güendell González, Ludwig
Формат: Текст
Предметы:
Метки: Добавить метку
Нет меток, Требуется 1-ая метка записи!

MARC

LEADER 00000 a a2200000 04500
001 17369
003
040
100 |a Güendell González, Ludwig  
245 |a Gestión de la reforma de las políticas de salud: entre la sostenibilidad y el estancamiento /  |c Ludwig Güendell González 
650 |a REFORMA SOCIAL  
650 |a POLITICA SOCIAL  
650 |a SALUD  
650 |a ADMINISTRACION DE LA SALUD  
650 |a POLITICA DE SALUD  
773 |g número 1; páginas 67-127  
999 |c 22138  |d 22138